Statistiques concernant Langue française: le jeu du dictionnaire #3

Cliquez ici pour prendre le quiz!

Statistiques générales

  • Ce quiz a été pris 274 fois
  • Le résultat moyen est 14 sur 20

Statistiques - réponses

CatégorieDéfinitionRéponse% Correct
NomLongues pâtes italiennesSpaghetti
94%
NomCourrier électronique non voulu envoyé en grand nombreSpam
90%
NomCe que renferme la mémoireSouvenir
88%
NomMonarque, roi, empereur...Souverain
88%
AdjectifQui venait de l'U.R.S.SSoviétique
84%
AdjectifEn rapport avec l'espaceSpatial
84%
NomUstensile de cuisine en forme de petite pelle aplatie et soupleSpatule
84%
NomPassage en dessous du solSouterrain
81%
NomBande adhésive utilisée comme pansementSparadrap
75%
NomExploration et étude des cavités naturelles du solSpéléologie
73%
NomReprésentation théâtraleSpectacle
72%
NomContraction pathologique des muscles (surtout lisses)Spasme
71%
NomApparition effrayante d'un mortSpectre
68%
AdjectifQui présente un caractère exceptionnelSpécial
67%
VerbeIndiquer quelque chose avec toutes les précisions nécessairesSpécifier
63%
NomÊtre ou objet qui donne une idée de l'espèce ou la catégorie dont il fait partieSpécimen
56%
AdjectifSe dit d'habitudes de vie rigides et austèresSpartiate
51%
AdjectifSe dit de quelque chose de relativement vasteSpacieux
47%
VerbeRéflechir sur une question, en faire un objet d'étudeSpéculer
44%
NomHomme qui se bat à l'épée pour la gloire, recherchant les duelsSpadassin
26%

Distribution des résultats

Percentile par nombre de réponses

% des personnes avec chaque résultat

Votre développement - résultats

Vous n’avez pas pris ce quiz